<?xml version="1.0" encoding="UTF-8"?>
<record
    xmlns:xsi="http://www.w3.org/2001/XMLSchema-instance"
    xsi:schemaLocation="http://www.loc.gov/MARC21/slim http://www.loc.gov/standards/marcxml/schema/MARC21slim.xsd"
    xmlns="http://www.loc.gov/MARC21/slim">

  <leader>03035nam a2200409 ia4500</leader>
  <controlfield tag="003">OSt</controlfield>
  <controlfield tag="005">20260521121300.0</controlfield>
  <controlfield tag="008">260521t20252025-uka   gr     000 1ceng d</controlfield>
  <datafield tag="020" ind1=" " ind2=" ">
    <subfield code="a">9781835622551</subfield>
    <subfield code="c">RM85.50</subfield>
    <subfield code="q">hardback </subfield>
  </datafield>
  <datafield tag="040" ind1=" " ind2=" ">
    <subfield code="a">PPAK </subfield>
    <subfield code="b">eng</subfield>
    <subfield code="c">PPAK </subfield>
    <subfield code="e">rda</subfield>
  </datafield>
  <datafield tag="082" ind1="0" ind2="4">
    <subfield code="2">23</subfield>
    <subfield code="a">823.92</subfield>
  </datafield>
  <datafield tag="090" ind1="0" ind2="0">
    <subfield code="a">823.92</subfield>
    <subfield code="b">WEL </subfield>
    <subfield code="d">G</subfield>
  </datafield>
  <datafield tag="100" ind1="1" ind2=" ">
    <subfield code="a">Wells, Catherine, </subfield>
    <subfield code="e">author.</subfield>
  </datafield>
  <datafield tag="245" ind1="1" ind2="4">
    <subfield code="a">THE OPEN HEART : </subfield>
    <subfield code="b">Stories and Fiction / </subfield>
    <subfield code="c">by Catherine Wells, H.G. wells ; Edited by: Emelyne Godfrey &amp; Patrick Parrinder ; Editorial Director: Catherine Taylor ; Illustrator: Broci </subfield>
  </datafield>
  <datafield tag="246" ind1="3" ind2="4">
    <subfield code="a">The open heart : </subfield>
    <subfield code="b">A new collection of stories. Reclaiming her light, from the shadow of her husband H.G. Wells. </subfield>
  </datafield>
  <datafield tag="264" ind1=" " ind2="1">
    <subfield code="a">London, United  Kingdom : </subfield>
    <subfield code="b">FLAME TREE PUBLISHING, </subfield>
    <subfield code="c">2025</subfield>
  </datafield>
  <datafield tag="264" ind1=" " ind2="4">
    <subfield code="c">&#xA9;2025</subfield>
  </datafield>
  <datafield tag="300" ind1=" " ind2=" ">
    <subfield code="a">[416] pages : </subfield>
    <subfield code="b">illustrations ; </subfield>
    <subfield code="c">20 cm </subfield>
  </datafield>
  <datafield tag="336" ind1=" " ind2=" ">
    <subfield code="a">text</subfield>
    <subfield code="2">rdacontent</subfield>
  </datafield>
  <datafield tag="337" ind1=" " ind2=" ">
    <subfield code="a">unmediated</subfield>
    <subfield code="2">rdamedia</subfield>
  </datafield>
  <datafield tag="338" ind1=" " ind2=" ">
    <subfield code="a">volume</subfield>
    <subfield code="2">rdacarrier</subfield>
  </datafield>
  <datafield tag="490" ind1="1" ind2="0">
    <subfield code="a">Beyond &amp; Within </subfield>
  </datafield>
  <datafield tag="504" ind1=" " ind2=" ">
    <subfield code="a">Bibliography : pages 413-414.</subfield>
  </datafield>
  <datafield tag="520" ind1=" " ind2=" ">
    <subfield code="a">Published for the first time, The Open Heart is a telling tale of unfulfilment from the supportive, but long-neglected wife of H.G. Wells.

Catherine Wells (1872&#x2013;1927) was the wife of H.G. Wells and the author of short stories, poems and an unfinished novella, The Open Heart, a haunting study of a woman&#x2019;s sense of unfulfilment that adds significantly to our knowledge of early 20th-century feminism. Published here for the first time, The Open Heart is brought together with her stories and poems that appeared in The Book of Catherine Wells (1928).

The Open Heart tells of a woman&#x2019;s shipwreck on a deserted island in the Pacific Ocean, a kind of earthly paradise in which she finds herself entirely alone. Included, too, in this collection are Catherine Wells' highly accomplished tales of forbidden love, of a woman&#x2019;s subjection to a dominant and possessive husband and of female despair. These stories illustrate what H.G. Wells called &#x2018;her brooding tenderness&#x2019;, her &#x2018;sense of invincible fatality&#x2019; and her &#x2018;predisposition towards a haunting, dreamland fantasy of fear&#x2019;.

The Flame Tree Beyond and Within short story collections bring together tales of myth and imagination by modern and contemporary writers, carefully selected by anthologists, and sometimes featuring short stories from a single author. Overall, the series presents a wide range of diverse and inclusive voices with myth, folkloric-inflected short fiction, and an emphasis on the supernatural, science fiction, the mysterious and the speculative.</subfield>
  </datafield>
  <datafield tag="650" ind1="1" ind2="0">
    <subfield code="a">English fiction </subfield>
  </datafield>
  <datafield tag="650" ind1="2" ind2="0">
    <subfield code="a">Short stories </subfield>
  </datafield>
  <datafield tag="650" ind1="2" ind2="0">
    <subfield code="a">Science fiction</subfield>
  </datafield>
  <datafield tag="650" ind1="2" ind2="0">
    <subfield code="a">Mysterious stories</subfield>
  </datafield>
  <datafield tag="650" ind1="2" ind2="0">
    <subfield code="a">Poems </subfield>
  </datafield>
  <datafield tag="700" ind1="1" ind2=" ">
    <subfield code="a">Godfrey, Emelyne,  </subfield>
    <subfield code="c">Dr., </subfield>
    <subfield code="e">editor. </subfield>
  </datafield>
  <datafield tag="700" ind1="1" ind2=" ">
    <subfield code="a">Wells, H.G., </subfield>
    <subfield code="e">author. </subfield>
  </datafield>
  <datafield tag="700" ind1="1" ind2=" ">
    <subfield code="a">Parrinder, Patrick, </subfield>
    <subfield code="e">editor. </subfield>
  </datafield>
  <datafield tag="700" ind1="1" ind2=" ">
    <subfield code="a">Taylor, Catherine,  </subfield>
    <subfield code="e">editor. </subfield>
  </datafield>
  <datafield tag="700" ind1="1" ind2=" ">
    <subfield code="a">Broci, </subfield>
    <subfield code="e">illustrator. </subfield>
  </datafield>
  <datafield tag="830" ind1=" " ind2="0">
    <subfield code="a">Beyond &amp; within </subfield>
  </datafield>
  <datafield tag="942" ind1=" " ind2=" ">
    <subfield code="2">ddc</subfield>
    <subfield code="c">B</subfield>
  </datafield>
  <datafield tag="999" ind1=" " ind2=" ">
    <subfield code="c">204394</subfield>
    <subfield code="d">204394</subfield>
  </datafield>
</record>
